000 00569nam a2200205Ia 4500
003 GCL
008 140319s9999 xx 000 0 aFre d
020 _a0812926242
040 _aGCL /
_cGCL
082 0 4 _a384.5530973
_bK H
100 1 _aKURTZ, HOWARD
245 1 0 _aHOT AIR :
_bALL TALK ALL THE TIME /
_cKURTZ, HOWARD
260 _aنيويورك :
_bTIMES BOOKS ،
_c1995
300 _a25 CM ؛
_c409 P
650 0 4 _aTELEVISION - PROGRAMS
650 0 4 _aTELEVISION
650 0 4 _aTELEVISION OF NEWS - U.S.A
650 0 4 _aTELEVISION AND POLITICS
942 _2ddc
_cBK
999 _c767
_d767